Szczegóły MARC21

Die Entwicklung des intellektualen Romans bei Thomas Mann : Untersuchungen zur Struktur von "Buddenbrooks", "Königliche Hoheit" und "Der Zauberberg" /

003 -Nazwa inst., której nr kontr. jest w polu 001 [,]
    • @
    • Nazwa instytucji, której n kontrolny jest w polu 001
    • NUKAT
005 -DATA I CZAS OSTATNIEJ MODYFIKACJI [,]
    • @
    • pole kontrolne
    • 20250315031644.0
020 -Międzynarod. znormalizowany nr książki - ISBN [ , ]
    • a
    • Numer ISBN
    • 341600230X Find
040 -Instytucja sporządzająca opis [ , ]
    • a
    • Instytucja, która sporządziła opis (NP)
    • TOR U/lf
    • c
    • Instytucja, która sporządziła rekord (NP)
    • TOR U/lf
    • d
    • Instytucja, która zmodyfikowała rekord (P)
    • TOR U/LF
    • d
    • Instytucja, która zmodyfikowała rekord (P)
    • TOR U/IMs
942 -Rodzaj dokumentu [ , ]
    • c
    • Rodzaj dokumentu
    • Książka
100 -Hasło główne - nazwa osobowa [1, ]
    • a
    • Nazwa osobowa (NP)
    • Koopmann, Helmut
    • d
    • Daty biograficzne (NP)
    • (1933- ).
    • 9
    • KHW
    • 403727
245 -Strefa tytułu i oznaczenia odpowiedzialności [1,4]
    • a
    • Tytuł
    • Die Entwicklung des intellektualen Romans bei Thomas Mann : Find
    • b
    • Ciąg dalszy tytułu (NP)
    • Untersuchungen zur Struktur von "Buddenbrooks", "Königliche Hoheit" und "Der Zauberberg" / Find
    • c
    • Pozostałe elementy strefy tytułu i oznaczenia odpowiedzialności (NP)
    • von Helmut Koopmann.
250 -Strefa wydania [ , ]
    • a
    • Oznaczenie wydania (NP)
    • 2., verb. und erw. Aufl.
260 -Strefa adresu wydawniczego [ , ]
    • a
    • Miejsce wydania (P)
    • Bonn :
    • b
    • Nazwa wydawcy (P)
    • Bouvier Verlag Herbert Grundmann,
    • c
    • Data wydania (P)
    • 1971.
300 -Strefa opisu fizycznego [ , ]
    • a
    • Określenie formy książki i/lub objętość (NP)
    • 187 s. ;
    • c
    • Format (NP)
    • 23 cm.
336 -Typ zawartości [ , ]
    • a
    • Termin opisujący typ zawartości
    • Tekst
    • b
    • Kod określający zawartość
    • txt
    • 2
    • Źródło (terminu i kodu)
    • rdacontent
337 -Typ mediów [ , ]
    • a
    • Tryb odtwarzania
    • Bez urządzenia pośredniczącego
    • b
    • Kod typu mediów
    • n
    • 2
    • Źródło (terminu i kodu)
    • rdamedia
338 -Typ/rodzaj nośnika [ , ]
    • a
    • Hasło opisujące typ nośnika
    • Wolumin
    • b
    • Kod typu nośnika
    • nc
    • 2
    • Źródło (terminu i kodu)
    • rdacarrier
490 -Strefa serii i książki wielotomowej - forma nie do wyszukiwania [1, ]
    • a
    • Tytuł (P)
    • Bonner Arbeiten zur Deutschen Literatur ; Find
    • v
    • Numeracja (P)
    • Bd. 5
830 -Hasło dodatkowe serii i opisu książki wielotomowej - tytuł ujednolicony/tytuł [ ,0]
    • a
    • Tytuł ujednolicony/tytuł (NP)
    • Bonner Arbeiten zur Deutschen Literatur
    • x
    • ISSN
    • 0068-001X
    • v
    • Oznaczenie tomu (NP)
    • Bd. 5
    • 9
    • KHW
    • 403728
504 -Uwaga dot. bibliogr. załącznikowej [ , ]
    • a
    • Uwaga dot. bibliografii załącznikowej
    • Bibliogr. s. 170-174.
080 -Uniwersalna Klasyfikacja Dziesiętna [ , ]
    • a
    • Symbol klasyfikacji
    • 830(091)-31"19"Manni
080 -Uniwersalna Klasyfikacja Dziesiętna [ , ]
    • a
    • Symbol klasyfikacji
    • +82.0-3=30
600 -Hasło przedmiotowe w formie nazwy osobowej [1,7]
    • a
    • Nazwa osobowa
    • Mann, Thomas
    • d
    • Daty związane z nazwą
    • (1875-1955).
    • t
    • Tytuł
    • Buddenbrooks
    • 2
    • Źródło terminu
    • kaba
    • 9
    • KHW
    • 307565
600 -Hasło przedmiotowe w formie nazwy osobowej [1,7]
    • a
    • Nazwa osobowa
    • Mann, Thomas
    • d
    • Daty związane z nazwą
    • (1875-1955).
    • t
    • Tytuł
    • Königliche Hoheit
    • 2
    • Źródło terminu
    • kaba
    • 9
    • KHW
    • 324068
600 -Hasło przedmiotowe w formie nazwy osobowej [1,7]
    • a
    • Nazwa osobowa
    • Mann, Thomas
    • d
    • Daty związane z nazwą
    • (1875-1955).
    • t
    • Tytuł
    • Zauberberg
    • 2
    • Źródło terminu
    • kaba
    • 9
    • KHW
    • 324820
980 -Symbol UKD [ , ]
    • a
    • UKD
    • 830(091)-31"19"Manni+82.0-3]=30
920 -ISBN [ , ]
    • a
    • ISBN
    • 3-416-00230-X Find
Sygnatura Numer inwentarzowy Status udost. Lokalizacja Data inwentaryzacji
Germ. Literaturozn. - Mann T. 14G.11140-3BM1995-10-13